Religion in film (Record no. 72691)
[ view plain ]
| 000 -LEADER | |
|---|---|
| fixed length control field | 01043nam a2200325Ia 4500 |
| 001 - CONTROL NUMBER | |
| control field | 79671 |
| 003 - CONTROL NUMBER IDENTIFIER | |
| control field | IT-RoPAU |
| 008 - FIXED-LENGTH DATA ELEMENTS--GENERAL INFORMATION | |
| fixed length control field | 130308s9999 xx 000 0 und d |
| 040 ## - CATALOGING SOURCE | |
| Original cataloging agency | IT-RoPAU |
| 040 ## - CATALOGING SOURCE | |
| Transcribing agency | IT-RoPAU |
| 041 ## - LANGUAGE CODE | |
| Language code of text/sound track or separate title | INGLESE |
| 999 ## - SYSTEM CONTROL NUMBERS (KOHA) | |
| Koha Dewey Subclass [OBSOLETE] | SI |
| 100 ## - MAIN ENTRY--PERSONAL NAME | |
| Personal name | AA.VV. |
| 100 ## - MAIN ENTRY--PERSONAL NAME | |
| Miscellaneous information | Codice Aut. SPICS: 12000 |
| 245 ## - TITLE STATEMENT | |
| Title | Religion in film |
| 245 ## - TITLE STATEMENT | |
| Remainder of title | Religion in Film |
| 250 ## - EDITION STATEMENT | |
| Edition statement | 3a ed. |
| 260 ## - PUBLICATION, DISTRIBUTION, ETC. (IMPRINT) | |
| Place of publication, distribution, etc. | TENNESSEE |
| 260 ## - PUBLICATION, DISTRIBUTION, ETC. (IMPRINT) | |
| Name of publisher, distributor, etc. | University Of Tennessee Press |
| 260 ## - PUBLICATION, DISTRIBUTION, ETC. (IMPRINT) | |
| Date of publication, distribution, etc. | 1987 [1° Ed.:1982 - Ed.Ling.Originale:1982] |
| 300 ## - PHYSICAL DESCRIPTION | |
| Extent | "276 p. (prefazione: 18; testo: 258 [pagine: 0-0])" |
| 500 ## - GENERAL NOTE | |
| General note | Religione nel Film Approccio Alla Interpretazione Religiosa del Film Generi e Orientamenti Culturali del Cinema registi produttori e Varietà di Sensibilità Religiosa Articoli di Autori Vari |
| 650 ## - SUBJECT ADDED ENTRY--TOPICAL TERM | |
| Topical term or geographic name as entry element | EDUCAZIONE AL CINEMA |
| 650 ## - SUBJECT ADDED ENTRY--TOPICAL TERM | |
| Relator term | Codice materia Spics: 6812 |
| 700 ## - ADDED ENTRY--PERSONAL NAME | |
| Personal name | May John R.Bird Michael |
| 700 ## - ADDED ENTRY--PERSONAL NAME | |
| Miscellaneous information | Codice Aut. SPICS: 28816Codice Aut. SPICS: 28817 |
| 942 ## - ADDED ENTRY ELEMENTS (KOHA) | |
| Koha item type | LIBRO |
| 957 ## - | |
| -- | 1 |
| 999 ## - SYSTEM CONTROL NUMBERS (KOHA) | |
| -- | 1 |
| Withdrawn status | Lost status | Damaged status | Not for loan | Home library | Current library | Date acquired | Total Checkouts | Full call number | Date last seen | Price effective from | Koha item type | Public note |
|---|---|---|---|---|---|---|---|---|---|---|---|---|
| Buone Condizioni | Not For Loan | SPICS-MEDIATECA | SPICS-MEDIATECA | 08/03/2013 | 79671 | 08/03/2013 | 08/03/2013 | LIBRO | Progressivo inserimento: 41906 / N. Volumi: 1 Copie: 1 Copia Rara: SI / data import: 1 marzo 2013 - By Epidotti, Trombetti, Vaglietti. |